Top 50 Richest Countries (GDP) - Statistics

General Stats
  • This quiz has been taken 68 times
  • The average score is 44 of 50
Answer Stats
Rank GDP Country % Correct
2 $19.4T China
98%
7 $3.36T France
98%
5 $4.13T India
98%
9 $2.54T Russia
98%
21 $1T Switzerland
98%
6 $3.96T United Kingdom
98%
11 $2.26T Brazil
96%
10 $2.28T Canada
96%
3 $5.01T Germany
96%
8 $2.54T Italy
96%
4 $4.28T Japan
96%
12 $1.89T Spain
96%
1 $30.62T United States
96%
13 $1.86T Mexico
95%
18 $1.32T Netherlands
95%
20 $1.04T Poland
95%
19 $1.27T Saudi Arabia
95%
14 $1.86T South Korea
95%
26 $662.32B Sweden
95%
15 $1.83T Australia
93%
45 $349.26B Egypt
93%
16 $1.57T Turkey
93%
25 $683.37B Argentina
91%
23 $716.98B Belgium
91%
37 $459.61B Denmark
91%
32 $517.1B Norway
91%
40 $426.38B South Africa
89%
29 $569.1B United Arab Emirates
89%
38 $438.12B Colombia
88%
49 $314.72B Finland
88%
17 $1.44T Indonesia
88%
44 $356.51B Iran
88%
24 $708.77B Ireland
88%
30 $566.46B Austria
86%
46 $347.17B Chile
86%
42 $410.5B Pakistan
86%
47 $337.94B Portugal
86%
36 $470.57B Malaysia
84%
31 $558.57B Thailand
82%
27 $610.75B Israel
81%
28 $574.18B Singapore
81%
34 $484.73B Vietnam
79%
22 $884.39B Taiwan
77%
41 $422.51B Romania
75%
43 $383.38B Czechia
72%
48 $318.48B Peru
68%
50 $300.05B Kazakhstan
67%
33 $494.16B Philippines
65%
35 $475.01B Bangladesh
61%
39 $428.23B Hong Kong
19%
No matching quizzes found
Score Distribution
Percent of People with Each Score
Percentile by Number Answered
Your Score History
You have not taken this quiz